000 00349nam a22001457a 4500
008 230227b |||||||| |||| 00| 0 eng d
020 _a978-1800-75157-6
082 _a813.54
100 _aThrity Umrigar
245 _aHonor
260 _bSwift,
_c2022
300 _a326 p.
_c23.5 cm
942 _2ddc
999 _c9351
_d9352